[Event "CYCC U14 w"]
[Site "Sault Ste Marie CAN"]
[Date "2017.07.06"]
[Round "2.5"]
[White "Demchenko, Svitlana"]
[Black "Yang, Elena"]
[Result "1-0"]
[WhiteElo "2224"]
[BlackElo "1607"]
[WhiteFideId "-1"]
[WhiteFideId "-1"]
[PlyCount "133"]
[GameId "2160767908410608"]
[EventDate "2017.07.06"]
[EventType "tourn"]
[EventRounds "7"]
[EventCountry "CAN"]
[SourceTitle "hb 2017"]

1. e4 e5 2. Nf3 Nf6 3. Nxe5 d6 4. Nf3 Nxe4 5. d4 d5 6. Bd3 Nf6 7. O-O Be7 8. Bf4 O-O 9. Nbd2 Bg4 10. c3 Bd6 11. Bg5 h6 12. Bh4 Re8 13. Qb3 b6 14. Bxf6 Qxf6 15. Qxd5 c6 16. Qb3 Nd7 17. Rfe1 Bc7 18. Qc2 c5 19. h3 Bxf3 20. Nxf3 Rac8 21. Bb5 Rxe1+ 22. Rxe1 Qd6 23. Bxd7 Qxd7 24. dxc5 bxc5 25. Qe4 Rd8 26. Qe7 Qxe7 27. Rxe7 Rd1+ 28. Re1 Rxe1+ 29. Nxe1 f6 30. Kf1 Kf7 31. Ke2 Ke6 32. Kd3 Kd5 33. b3 h5 34. Nc2 g5 35. Ne3+ Kc6 36. Kc4 Bf4 37. Nd5 Be5 38. Ne7+ Kd7 39. Nf5 Kc6 40. g3 Kd7 41. Ng7 h4 42. gxh4 gxh4 43. Nf5 Bd6 44. Kd5 Bc7 45. Nxh4 Ke7 46. Nf5+ Kf7 47. Nd6+ Kg6 48. Ne4 Bb6 49. Nxc5 f5 50. Nd3 Kg5 51. c4 Kh4 52. c5 Bc7 53. Ke6 f4 54. Kd7 Ba5 55. b4 Bxb4 56. Nxb4 Kxh3 57. c6 Kg2 58. c7 Kxf2 59. c8=Q f3 60. Qc2+ Kg3 61. Nd3 Kg4 62. Qf2 Kg5 63. Qxf3 Kg6 64. Ke6 Kg5 65. Qg3+ Kh6 66. Kf6 Kh5 67. Qg5# 1-0

[Event "CYCC U14 w"]
[Site "Sault Ste Marie CAN"]
[Date "2017.07.06"]
[Round "2.50"]
[White "Tan, Kylie"]
[Black "Liu, Gloria"]
[Result "1-0"]
[WhiteElo "1616"]
[BlackElo "954"]
[WhiteFideId "-1"]
[WhiteFideId "-1"]
[PlyCount "93"]
[GameId "2160767908410609"]
[EventDate "2017.07.06"]
[EventType "tourn"]
[EventRounds "7"]
[EventCountry "CAN"]
[SourceTitle "hb 2017"]

1. e4 c5 2. Nf3 d6 3. d4 cxd4 4. Nxd4 Nf6 5. Nc3 g6 6. f3 Bg7 7. Be3 O-O 8. Qd2 Nc6 9. O-O-O Bd7 10. g4 Qa5 11. h4 Nb4 12. a3 Nc6 13. Be2 b5 14. Ndxb5 Rab8 15. Nd4 Qb6 16. Nb3 Qb7 17. Nd5 e6 18. Nxf6+ Bxf6 19. Bh6 Rfc8 20. Kb1 Qc7 21. Qxd6 Qxd6 22. Rxd6 Be8 23. Be3 Na5 24. Bd4 Be7 25. Ra6 Nxb3 26. cxb3 Rxb3 27. Rxa7 Kf8 28. h5 Rcb8 29. Be5 R8b6 30. Bd4 Rd6 31. Bc3 Bg5 32. Bb4 Be7 33. Bxd6 Bxd6 34. hxg6 fxg6 35. Rhxh7 Be5 36. Rab7 Re3 37. Bc4 Re1+ 38. Kc2 Rg1 39. Bxe6 Rg2+ 40. Kb1 Rg1+ 41. Ka2 g5 42. Ra7 Rb1 43. Kxb1 Bxb2 44. Raf7+ Bxf7 45. Rxf7+ Ke8 46. Kxb2 Kd8 47. a4 1-0

[Event "CYCC U14 w"]
[Site "Sault Ste Marie CAN"]
[Date "2017.07.07"]
[Round "3.50"]
[White "Yang, Elena"]
[Black "Wang, Isabelle"]
[Result "1-0"]
[WhiteElo "1607"]
[BlackElo "1341"]
[WhiteFideId "-1"]
[WhiteFideId "-1"]
[PlyCount "69"]
[GameId "2160767908410611"]
[EventDate "2017.07.06"]
[EventType "tourn"]
[EventRounds "7"]
[EventCountry "CAN"]
[SourceTitle "hb 2017"]

1. c4 c5 2. Nc3 Nc6 3. g3 g6 4. Bg2 Bg7 5. Nf3 e5 6. d3 Nge7 7. O-O O-O 8. Nh4 d6 9. f4 Rb8 10. e3 f6 11. Bd2 b6 12. a3 Bb7 13. g4 f5 14. g5 exf4 15. exf4 Nd4 16. Nf3 Nxf3+ 17. Bxf3 Bxf3 18. Qxf3 a6 19. Rab1 b5 20. Nd5 Nxd5 21. Qxd5+ Kh8 22. b4 Qc7 23. Rfe1 Bd4+ 24. Be3 Bxe3+ 25. Rxe3 cxb4 26. Qd4+ Kg8 27. axb4 bxc4 28. dxc4 Qb6 29. Qd5+ Kh8 30. Rbe1 Rbe8 31. c5 Qb5 32. Qd4+ Kg8 33. Re7 Rxe7 34. Rxe7 Rf7 35. Qd5 1-0

[Event "CYCC U14 w"]
[Site "Sault Ste Marie CAN"]
[Date "2017.07.07"]
[Round "3.52"]
[White "Liu, Gloria"]
[Black "Chertkow, Sasha"]
[Result "0-1"]
[WhiteElo "954"]
[BlackElo "1252"]
[WhiteFideId "-1"]
[WhiteFideId "-1"]
[PlyCount "68"]
[GameId "2160767908410613"]
[EventDate "2017.07.06"]
[EventType "tourn"]
[EventRounds "7"]
[EventCountry "CAN"]
[SourceTitle "hb 2017"]

1. e4 c5 2. Nf3 d6 3. Nc3 Nf6 4. Bc4 Bg4 5. h3 Bh5 6. d3 Nc6 7. Be3 e6 8. Qd2 d5 9. exd5 exd5 10. Nb5 dxc4 11. Bf4 Qe7+ 12. Qe3 Qxe3+ 13. fxe3 O-O-O 14. Ne5 Nxe5 15. Bxe5 a6 16. Nc3 cxd3 17. cxd3 Rxd3 18. Bf4 Bd6 19. O-O h6 20. Bxd6 Rxd6 21. e4 Re8 22. Rae1 Rd4 23. e5 Nd5 24. Nxd5 Rxd5 25. Rf5 Bg6 26. Rf3 Rexe5 27. Rxe5 Rxe5 28. a3 Kc7 29. b4 c4 30. Kh2 Kc6 31. a4 b5 32. a5 Rf5 33. Rc3 Rf2 34. Kg3 Rb2 0-1

[Event "CYCC U14 w"]
[Site "Sault Ste Marie CAN"]
[Date "2017.07.07"]
[Round "4.51"]
[White "Tan, Kylie"]
[Black "Yang, Elena"]
[Result "1/2-1/2"]
[WhiteElo "1626"]
[BlackElo "1607"]
[WhiteFideId "-1"]
[WhiteFideId "-1"]
[PlyCount "90"]
[GameId "2160767908410615"]
[EventDate "2017.07.06"]
[EventType "tourn"]
[EventRounds "7"]
[EventCountry "CAN"]
[SourceTitle "hb 2017"]

1. e4 e5 2. Nf3 Nf6 3. Nxe5 d6 4. Nf3 Nxe4 5. Nc3 Nxc3 6. dxc3 Be7 7. Be2 O-O 8. h3 d5 9. O-O Bf5 10. Bd3 Bxd3 11. cxd3 c6 12. d4 Bd6 13. Be3 Nd7 14. Qc2 h6 15. Rfe1 Re8 16. Re2 Nf6 17. Rae1 Ne4 18. Bc1 Qc7 19. Nd2 Bh2+ 20. Kf1 Nxd2+ 21. Qxd2 Qd7 22. Qc2 Bd6 23. Qd3 Bc7 24. Qf3 Rxe2 25. Qxe2 Qd6 26. Qf3 Qh2 27. Be3 Re8 28. g4 g5 29. Qg2 Qxg2+ 30. Kxg2 Bf4 31. Kf1 Bxe3 32. fxe3 Re4 33. Ke2 Kg7 34. Rf1 h5 35. Rg1 f6 36. Rg3 Kg6 37. Kf3 a6 38. a3 h4 39. Rg1 f5 40. gxf5+ Kxf5 41. c4 b6 42. Rg2 b5 43. cxd5 cxd5 44. Rg1 a5 45. Rg2 a4 1/2-1/2

[Event "CYCC U14 w"]
[Site "Sault Ste Marie CAN"]
[Date "2017.07.07"]
[Round "4.52"]
[White "Wang, Isabelle"]
[Black "Demchenko, Svitlana"]
[Result "0-1"]
[WhiteElo "1341"]
[BlackElo "2224"]
[WhiteFideId "-1"]
[WhiteFideId "-1"]
[PlyCount "76"]
[GameId "2160767908410616"]
[EventDate "2017.07.06"]
[EventType "tourn"]
[EventRounds "7"]
[EventCountry "CAN"]
[SourceTitle "hb 2017"]

1. e4 c5 2. Nf3 e6 3. d4 cxd4 4. Nxd4 a6 5. Nc3 Qc7 6. Be2 Nc6 7. Be3 Nf6 8. O-O Be7 9. Qd2 b5 10. a3 Bb7 11. f4 d6 12. Bf3 O-O 13. Rfe1 Na5 14. Rab1 Nc4 15. Qf2 Nxa3 16. bxa3 Qxc3 17. Rb3 Qc7 18. Bc1 Nd7 19. Rbe3 Nb6 20. Be2 Bf6 21. c3 Na4 22. Bd2 Qc5 23. Nf3 Rac8 24. Rc1 d5 25. e5 Bd8 26. Nd4 Qxa3 27. Qg3 Bb6 28. Rd3 Nc5 29. Rf3 Ne4 30. Qe1 Nxd2 31. Qxd2 Bxd4+ 32. cxd4 Qxc1+ 33. Qxc1 Rxc1+ 34. Kf2 Rfc8 35. h3 R1c2 36. Re3 R8c3 37. Rxc3 Rxc3 38. g3 b4 0-1

[Event "CYCC U14 w"]
[Site "Sault Ste Marie CAN"]
[Date "2017.07.08"]
[Round "5.50"]
[White "Demchenko, Svitlana"]
[Black "Tan, Kylie"]
[Result "1-0"]
[WhiteElo "2224"]
[BlackElo "1626"]
[WhiteFideId "-1"]
[WhiteFideId "-1"]
[PlyCount "105"]
[GameId "2160767908410617"]
[EventDate "2017.07.06"]
[EventType "tourn"]
[EventRounds "7"]
[EventCountry "CAN"]
[SourceTitle "hb 2017"]

1. e4 d5 2. exd5 Qxd5 3. Nc3 Qa5 4. d4 Nf6 5. Nf3 Bg4 6. h3 Bh5 7. g4 Bg6 8. Ne5 c6 9. Bg2 e6 10. O-O Nbd7 11. f4 Qc7 12. h4 h6 13. Nxg6 fxg6 14. Qd3 O-O-O 15. Qxg6 Qd6 16. Be3 Rg8 17. Ne4 Qe7 18. Nxf6 Nxf6 19. g5 hxg5 20. fxg5 Nd5 21. Bd2 Qd7 22. Bh3 Nc7 23. c3 Bd6 24. Rf7 Qe8 25. Re1 Rd7 26. Rxe6 Nxe6 27. Bxe6 Kb8 28. Bxd7 Bh2+ 29. Kxh2 Qe2+ 30. Kg3 a5 31. Qd6+ Ka8 32. Rf8+ Rxf8 33. Qxf8+ Ka7 34. Qc5+ Ka6 35. Bxc6 Qd3+ 36. Bf3 Qxd2 37. Qc4+ Ka7 38. Qe2 Qc1 39. d5 Qg1+ 40. Qg2 Qe1+ 41. Qf2+ Qxf2+ 42. Kxf2 b6 43. h5 b5 44. h6 gxh6 45. gxh6 b4 46. h7 bxc3 47. h8=Q cxb2 48. Qd4+ Ka6 49. Qxb2 a4 50. a3 Ka7 51. d6 Ka6 52. Bc6 Ka5 53. Qb5# 1-0

[Event "CYCC U14 w"]
[Site "Sault Ste Marie CAN"]
[Date "2017.07.08"]
[Round "5.51"]
[White "Yang, Elena"]
[Black "Chertkow, Sasha"]
[Result "0-1"]
[WhiteElo "1607"]
[BlackElo "1232"]
[WhiteFideId "-1"]
[WhiteFideId "-1"]
[PlyCount "72"]
[GameId "2160767908410618"]
[EventDate "2017.07.06"]
[EventType "tourn"]
[EventRounds "7"]
[EventCountry "CAN"]
[SourceTitle "hb 2017"]

1. c4 c5 2. Nc3 d6 3. g3 Nf6 4. Bg2 g6 5. Nf3 Bg7 6. O-O O-O 7. d3 Bd7 8. Nh4 Nc6 9. f4 a6 10. Rb1 Rb8 11. Bd2 Qc8 12. e4 Bh3 13. a3 b6 14. f5 Bxg2 15. Nxg2 Nd4 16. g4 Rb7 17. Ne3 Kh8 18. Ncd5 a5 19. Nxf6 Bxf6 20. Nd5 Bg7 21. h3 e6 22. f6 exd5 23. fxg7+ Kxg7 24. Qc1 Ne2+ 25. Kh2 Nxc1 26. Rbxc1 dxe4 27. g5 exd3 28. Bc3+ Kg8 29. Rcd1 h5 30. gxh6 Kh7 31. Bg7 Re8 32. Rxd3 Re2+ 33. Kg3 Qc7 34. Kh4 Re4+ 35. Kg5 Qe7+ 36. Bf6 Re5+ 0-1

[Event "CYCC U14 w"]
[Site "Sault Ste Marie CAN"]
[Date "2017.07.09"]
[Round "6.50"]
[White "Liu, Gloria"]
[Black "Yang, Elena"]
[Result "0-1"]
[WhiteElo "954"]
[BlackElo "1607"]
[WhiteFideId "-1"]
[WhiteFideId "-1"]
[PlyCount "70"]
[GameId "2160767908410620"]
[EventDate "2017.07.06"]
[EventType "tourn"]
[EventRounds "7"]
[EventCountry "CAN"]
[SourceTitle "hb 2017"]

1. e4 e5 2. Nf3 Nf6 3. Nc3 Nc6 4. Bc4 Bc5 5. O-O O-O 6. a3 a6 7. b4 Ba7 8. d3 h6 9. Bb2 d6 10. h3 Be6 11. Nd5 Bxd5 12. exd5 Ne7 13. d4 Nexd5 14. Bxd5 Nxd5 15. dxe5 dxe5 16. Nxe5 c6 17. Qg4 Qg5 18. Qc4 Nf4 19. Qe4 Nxh3+ 20. Kh2 Nxf2 21. Qf3 Qh4+ 22. Qh3 Nxh3 23. Nf3 Bb8+ 24. Kh1 Nf2+ 25. Kg1 Qg3 26. Rxf2 Ba7 27. Bd4 Bxd4 28. Nxd4 Qc3 29. Rd1 Rad8 30. Ne2 Rxd1+ 31. Kh2 Rh1+ 32. Kxh1 Qe1+ 33. Ng1 Qxf2 34. Nh3 Qxc2 35. Kh2 Re8 0-1

[Event "CYCC U14 w"]
[Site "Sault Ste Marie CAN"]
[Date "2017.07.09"]
[Round "6.51"]
[White "Chertkow, Sasha"]
[Black "Demchenko, Svitlana"]
[Result "0-1"]
[WhiteElo "1232"]
[BlackElo "2224"]
[WhiteFideId "-1"]
[WhiteFideId "-1"]
[PlyCount "68"]
[GameId "2160767908410621"]
[EventDate "2017.07.06"]
[EventType "tourn"]
[EventRounds "7"]
[EventCountry "CAN"]
[SourceTitle "hb 2017"]

1. e4 c5 2. Nf3 e6 3. d4 cxd4 4. Nxd4 a6 5. Nc3 Qc7 6. a3 Nc6 7. Be3 Nf6 8. h3 Be7 9. Bd3 b5 10. O-O O-O 11. Nce2 Bb7 12. Ng3 Ne5 13. f4 Nc4 14. Bc1 Bc5 15. c3 Qb6 16. Bxc4 bxc4 17. Re1 d6 18. Kh2 e5 19. b4 cxb3 20. Nxb3 Bf2 21. Rf1 Bxg3+ 22. Kxg3 Nxe4+ 23. Kh2 Nxc3 24. Qc2 Rac8 25. Bb2 Be4 26. Qd2 Qxb3 27. Bc1 Nb5 28. a4 Rc2 29. Qe3 Rxg2+ 30. Kh1 Re2+ 31. Kg1 Rxe3 32. Bxe3 Qxe3+ 33. Kh2 Qe2+ 34. Rf2 Qxf2# 0-1

[Event "CYCC U14 w"]
[Site "Sault Ste Marie CAN"]
[Date "2017.07.09"]
[Round "6.52"]
[White "Tan, Kylie"]
[Black "Wang, Isabelle"]
[Result "1/2-1/2"]
[WhiteElo "1626"]
[BlackElo "1341"]
[WhiteFideId "-1"]
[WhiteFideId "-1"]
[PlyCount "74"]
[GameId "2160767908410622"]
[EventDate "2017.07.06"]
[EventType "tourn"]
[EventRounds "7"]
[EventCountry "CAN"]
[SourceTitle "hb 2017"]

1. e4 e5 2. Nf3 Nc6 3. Bc4 Bc5 4. c3 Nf6 5. d3 d6 6. Bb3 h6 7. O-O a6 8. h3 O-O 9. Re1 Re8 10. Nbd2 Be6 11. Bc2 d5 12. Qe2 Nd7 13. Nf1 Qf6 14. Be3 dxe4 15. dxe4 Bxe3 16. Qxe3 Nf8 17. Ng3 Ng6 18. Nh5 Qe7 19. a3 Qd7 20. Rad1 Qc8 21. Ng3 Nf4 22. Ne2 Nxe2+ 23. Qxe2 f5 24. exf5 Bxf5 25. Bxf5 Qxf5 26. Qe4 Qxe4 27. Rxe4 Re7 28. Rde1 Rae8 29. R1e2 Kf7 30. Rd2 Kf6 31. Ne1 Rd8 32. Rxd8 Nxd8 33. Re3 e4 34. Kf1 h5 35. Re2 Kf5 36. Nc2 c5 37. Ne3+ Kg5 1/2-1/2

[Event "CYCC U14 w"]
[Site "Sault Ste Marie CAN"]
[Date "2017.07.10"]
[Round "7.50"]
[White "Wang, Isabelle"]
[Black "Chertkow, Sasha"]
[Result "0-1"]
[WhiteElo "1341"]
[BlackElo "1292"]
[WhiteFideId "-1"]
[WhiteFideId "-1"]
[PlyCount "106"]
[GameId "2160767908410623"]
[EventDate "2017.07.06"]
[EventType "tourn"]
[EventRounds "7"]
[EventCountry "CAN"]
[SourceTitle "hb 2017"]

1. e4 c5 2. Nf3 d6 3. d4 cxd4 4. Nxd4 Nf6 5. Nc3 g6 6. Be3 Bg7 7. f3 O-O 8. Qd2 Bd7 9. Bc4 Nc6 10. O-O-O Rc8 11. Bb3 a6 12. g4 h5 13. gxh5 Nxh5 14. Nxc6 Bxc6 15. Bh6 Kh7 16. Bxg7 Kxg7 17. Rdg1 f6 18. Qg2 Nf4 19. Qg4 e5 20. h4 Rh8 21. Rh2 Bd7 22. Qg3 Rh6 23. Nd5 Nh5 24. Qf2 Be8 25. f4 Bf7 26. f5 Bxd5 27. Bxd5 Rc7 28. Rxg6+ Rxg6 29. fxg6 Nf4 30. h5 Nd3+ 31. Kd2 Nxf2 32. Rxf2 Kh6 33. Rh2 Rg7 34. a3 f5 35. b4 Qg5+ 36. Kc3 Qg3+ 37. Kb2 Qxh2 38. exf5 e4 39. f6 Qe5+ 40. Kb1 Qxf6 41. Bxe4 Kxh5 42. Bd3 Rxg6 43. Bxg6+ Qxg6 44. Kb2 Qg3 45. c3 d5 46. a4 Kg5 47. Kc2 Kf5 48. Kb2 Ke4 49. Kc2 d4 50. cxd4 Kxd4 51. Kb2 Qc3+ 52. Ka2 Qxb4 53. a5 Kc3 0-1

[Event "CYCC U14 w"]
[Site "Sault Ste Marie CAN"]
[Date "2017.07.10"]
[Round "7.51"]
[White "Demchenko, Svitlana"]
[Black "Liu, Gloria"]
[Result "1-0"]
[WhiteElo "2224"]
[BlackElo "954"]
[WhiteFideId "-1"]
[WhiteFideId "-1"]
[PlyCount "91"]
[GameId "2160767908410624"]
[EventDate "2017.07.06"]
[EventType "tourn"]
[EventRounds "7"]
[EventCountry "CAN"]
[SourceTitle "hb 2017"]

1. Nf3 c5 2. e4 d6 3. d4 cxd4 4. Nxd4 Nc6 5. Nc3 Nf6 6. f3 e6 7. Be3 a6 8. Qd2 Be7 9. O-O-O O-O 10. g4 Bd7 11. h4 g6 12. h5 Nxd4 13. Bxd4 Qa5 14. Kb1 e5 15. Be3 Be6 16. Nd5 Nxd5 17. Qxa5 Nxe3 18. Re1 Bg5 19. Qa3 Rfd8 20. Rxe3 Bxe3 21. Qxe3 d5 22. exd5 Rxd5 23. Bd3 Rad8 24. Qh6 e4 25. hxg6 fxg6 26. Qxh7+ Kf8 27. fxe4 R5d7 28. Rf1+ Rf7 29. Qh8+ Ke7 30. Rxf7+ Bxf7 31. Qe5+ Be6 32. b3 g5 33. Bc4 Rd6 34. Qxg5+ Kd7 35. Qg7+ Kc6 36. Bxe6 Rxe6 37. Qd4 Rd6 38. Qxd6+ Kxd6 39. g5 Ke6 40. Kb2 b5 41. Kc3 a5 42. Kd4 b4 43. e5 Kf5 44. Kd5 Kxg5 45. e6 Kf6 46. Kd6 1-0

[Event "CYCC U16"]
[Site "Sault Ste Marie CAN"]
[Date "2017.07.06"]
[Round "1.14"]
[White "Chen, Richard"]
[Black "Guan, Zi Yu"]
[Result "1-0"]
[WhiteElo "2330"]
[BlackElo "1478"]
[WhiteFideId "-1"]
[WhiteFideId "-1"]
[PlyCount "51"]
[GameId "2160767908410626"]
[EventDate "2017.07.06"]
[EventType "swiss"]
[EventRounds "7"]
[EventCountry "CAN"]
[SourceTitle "hb 2017"]

1. e4 c5 2. Nf3 d6 3. Bb5+ Bd7 4. Bxd7+ Nxd7 5. c4 Ngf6 6. Nc3 e5 7. d3 h6 8. Nd2 Be7 9. Nf1 a6 10. Ne3 g6 11. O-O Bf8 12. Rb1 Bg7 13. a3 O-O 14. b4 b6 15. Kh1 Kh7 16. Qa4 Qc8 17. Ned5 Re8 18. bxc5 Nxd5 19. Nxd5 Nxc5 20. Qc2 Rb8 21. f4 b5 22. fxe5 dxe5 23. Rxf7 Kg8 24. Rc7 Qg4 25. Bxh6 Rb7 26. Rxg7+ 1-0

[Event "CYCC U16"]
[Site "Sault Ste Marie CAN"]
[Date "2017.07.06"]
[Round "1.15"]
[White "Chertkow, Matthew"]
[Black "Doknjas, Joshua"]
[Result "0-1"]
[WhiteElo "1448"]
[BlackElo "2197"]
[WhiteFideId "-1"]
[WhiteFideId "-1"]
[PlyCount "78"]
[GameId "2160767908410627"]
[EventDate "2017.07.06"]
[EventType "swiss"]
[EventRounds "7"]
[EventCountry "CAN"]
[SourceTitle "hb 2017"]

1. e4 c5 2. Nf3 d6 3. d4 cxd4 4. Nxd4 Nf6 5. Nc3 a6 6. Bc4 e6 7. h3 Be7 8. O-O O-O 9. Be3 b5 10. Bb3 Bb7 11. f3 Nbd7 12. Bxe6 fxe6 13. Nxe6 Qc8 14. Nxf8 Bxf8 15. a4 b4 16. Ne2 Qc7 17. Nd4 Re8 18. Qd2 Kh8 19. Qxb4 d5 20. Qc3 Qxc3 21. bxc3 dxe4 22. fxe4 Bxe4 23. Rae1 Rc8 24. Bd2 Bc5 25. Be3 Nd5 26. Kh2 N7f6 27. Bg5 Bg6 28. Ne6 Bd6+ 29. Kh1 h6 30. Bd2 Ne4 31. Bc1 Ng3+ 32. Kg1 Nxf1 33. Rxf1 Re8 34. Nd4 Nxc3 35. Rf2 Bc5 36. Rd2 Bxd4+ 37. Rxd4 Ne2+ 38. Kh2 Nxd4 39. Bb2 Nxc2 0-1

[Event "CYCC U16"]
[Site "Sault Ste Marie CAN"]
[Date "2017.07.06"]
[Round "1.16"]
[White "Liu, Lambert"]
[Black "Fox, Dylan"]
[Result "1-0"]
[WhiteElo "2188"]
[BlackElo "1270"]
[WhiteFideId "-1"]
[WhiteFideId "-1"]
[PlyCount "49"]
[GameId "2160767908410628"]
[EventDate "2017.07.06"]
[EventType "swiss"]
[EventRounds "7"]
[EventCountry "CAN"]
[SourceTitle "hb 2017"]

1. e4 c5 2. Nf3 d6 3. d4 cxd4 4. Nxd4 Nf6 5. Nc3 a6 6. h3 e6 7. g4 b5 8. Bg2 Bb7 9. a3 Be7 10. O-O h6 11. f4 Nbd7 12. g5 hxg5 13. fxg5 Ng8 14. g6 Ngf6 15. gxf7+ Kxf7 16. Qg4 Nf8 17. e5 dxe5 18. Bxb7 Ra7 19. Nxe6 Nxe6 20. Bd5 Qd6 21. Be3 Rc7 22. Rad1 Bf8 23. Ne4 Qe7 24. Bxe6+ Qxe6 25. Ng5+ 1-0

[Event "CYCC U16"]
[Site "Sault Ste Marie CAN"]
[Date "2017.07.06"]
[Round "1.17"]
[White "Butchart, Brian"]
[Black "Liang, Hairan"]
[Result "0-1"]
[WhiteElo "1248"]
[BlackElo "2186"]
[WhiteFideId "-1"]
[WhiteFideId "-1"]
[PlyCount "92"]
[GameId "2160767908410630"]
[EventDate "2017.07.06"]
[EventType "swiss"]
[EventRounds "7"]
[EventCountry "CAN"]
[SourceTitle "hb 2017"]

1. e4 c5 2. Nc3 Nc6 3. g3 g6 4. Bg2 Bg7 5. Nge2 e6 6. d3 Nge7 7. Be3 Nd4 8. Qd2 Qa5 9. O-O Nxe2+ 10. Nxe2 Qxd2 11. Bxd2 Bxb2 12. Rab1 Bg7 13. Be3 b6 14. f4 d5 15. e5 Bd7 16. Rfd1 Rc8 17. c4 Bc6 18. Bf2 O-O 19. Nc3 Rfd8 20. a4 f6 21. exf6 Bxf6 22. Nb5 Rd7 23. Re1 Kf7 24. Bh3 Nf5 25. Re2 dxc4 26. dxc4 Bf3 27. Re3 Nxe3 28. Bxe3 a6 29. Na3 Rd1+ 30. Kf2 Rxb1 31. Nxb1 Bd1 32. Nd2 Bxa4 33. Ne4 Be7 34. Bd2 b5 35. cxb5 axb5 36. Bc3 b4 37. Bb2 c4 38. Ke2 c3 39. Bc1 b3 40. Kd3 b2 41. Bxb2 cxb2 42. Nd2 Rd8+ 43. Kc3 Bf6+ 44. Kb4 Rxd2 45. Kxa4 b1=Q 46. Ka3 Ra2# 0-1

[Event "CYCC U16"]
[Site "Sault Ste Marie CAN"]
[Date "2017.07.06"]
[Round "1.18"]
[White "Xu, Jeffrey"]
[Black "Horner, Blake"]
[Result "1-0"]
[WhiteElo "2125"]
[BlackElo "1161"]
[WhiteFideId "-1"]
[WhiteFideId "-1"]
[PlyCount "61"]
[GameId "2160767908410631"]
[EventDate "2017.07.06"]
[EventType "swiss"]
[EventRounds "7"]
[EventCountry "CAN"]
[SourceTitle "hb 2017"]

1. e4 c5 2. Nf3 d6 3. Bb5+ Bd7 4. Bxd7+ Nxd7 5. O-O Ngf6 6. Re1 e5 7. c3 Qb6 8. d4 Rd8 9. Qa4 cxd4 10. cxd4 exd4 11. Nxd4 Ng4 12. Nc3 Qc5 13. h3 Nge5 14. Be3 Qc4 15. Qxa7 Nd3 16. Nd5 Nxe1 17. Rxe1 Nf6 18. Rc1 Qxc1+ 19. Bxc1 Nxd5 20. exd5 Be7 21. Qxb7 O-O 22. Qxe7 Rfe8 23. Qg5 Re5 24. Qf4 Rxd5 25. Be3 h6 26. Nf5 Rd1+ 27. Kh2 Rb8 28. Qg4 g6 29. Nxh6+ Kf8 30. Qxd1 Rxb2 31. Qxd6+ 1-0

[Event "CYCC U16"]
[Site "Sault Ste Marie CAN"]
[Date "2017.07.06"]
[Round "1.19"]
[White "Bremner, William"]
[Black "Li, Eric M"]
[Result "0-1"]
[WhiteElo "1104"]
[BlackElo "1992"]
[WhiteFideId "-1"]
[WhiteFideId "-1"]
[PlyCount "138"]
[GameId "2160767908410632"]
[EventDate "2017.07.06"]
[EventType "swiss"]
[EventRounds "7"]
[EventCountry "CAN"]
[SourceTitle "hb 2017"]

1. d4 Nf6 2. c4 g6 3. Nf3 Bg7 4. g3 O-O 5. Bg2 d5 6. cxd5 Nxd5 7. O-O c5 8. dxc5 Nc6 9. Qb3 Ndb4 10. a3 Be6 11. Qa4 b5 12. cxb6 axb6 13. axb4 Rxa4 14. Rxa4 b5 15. Ra3 Nxb4 16. Nc3 Nc2 17. Ra7 b4 18. Ne4 Bc4 19. Bf4 Bxb2 20. Rb1 Bg7 21. Rc1 b3 22. Rb1 Nd4 23. Nfd2 Nxe2+ 24. Kh1 Nxf4 25. Nxc4 Nxg2 26. Kxg2 Qd4 27. Ned2 Qxa7 28. Rxb3 Rb8 29. Ra3 Qb7+ 30. Kg1 Ra8 31. Rf3 Ra1+ 32. Kg2 Bh6 33. h4 Bxd2 34. Nxd2 Ra3 35. g4 Kg7 36. Kg3 Rxf3+ 37. Nxf3 Qc7+ 38. Kg2 Qf4 39. Nh2 e5 40. f3 h5 41. gxh5 gxh5 42. Kh3 f5 43. Kg2 Qxh4 44. f4 Qxf4 45. Nf3 e4 46. Ng1 Qg4+ 47. Kf2 Qxg1+ 48. Kxg1 Kf6 49. Kf2 Ke5 50. Ke2 f4 51. Kf2 e3+ 52. Kf3 Kf5 53. Ke2 Ke4 54. Kf1 Kf3 55. Ke1 Kg2 56. Ke2 f3+ 57. Kxe3 f2 58. Kf4 f1=Q+ 59. Ke4 Qf3+ 60. Ke5 h4 61. Kd4 h3 62. Ke5 h2 63. Kd4 h1=Q 64. Ke5 Qe1+ 65. Kd4 Qff2+ 66. Kd5 Qfd2+ 67. Kc5 Qec1+ 68. Kb5 Qdb2+ 69. Ka5 Qca1# 0-1

[Event "CYCC U16"]
[Site "Sault Ste Marie CAN"]
[Date "2017.07.06"]
[Round "1.21"]
[White "Rashid, Kaden"]
[Black "Wang, Jeff"]
[Result "0-1"]
[WhiteElo "987"]
[BlackElo "1939"]
[WhiteFideId "-1"]
[WhiteFideId "-1"]
[PlyCount "123"]
[GameId "2160767908410634"]
[EventDate "2017.07.06"]
[EventType "swiss"]
[EventRounds "7"]
[EventCountry "CAN"]
[SourceTitle "hb 2017"]

1. e4 c5 2. Nf3 d6 3. d4 cxd4 4. Nxd4 Nf6 5. Nc3 g6 6. Be3 Bg7 7. Qd2 Nc6 8. f3 O-O 9. O-O-O d5 10. exd5 Nxd5 11. Nxd5 Qxd5 12. Nxc6 Qxc6 13. Bh6 Bf5 14. Bxg7 Kxg7 15. Bd3 Rfd8 16. Qe2 Bxd3 17. Rxd3 Qf6 18. Rhd1 e6 19. Rxd8 Rxd8 20. Rxd8 Qxd8 21. Qe5+ Qf6 22. Qc7 Qg5+ 23. Kd1 Qd5+ 24. Kc1 Kf6 25. Qf4+ Qf5 26. Qd4+ Qe5 27. Qd8+ Kg7 28. c3 a6 29. Qd7 Qe3+ 30. Qd2 Qg1+ 31. Kc2 Qxh2 32. Qd4+ e5 33. Qd2 Qg1 34. Qg5 Qc5 35. b4 Qd5 36. Kb2 a5 37. f4 f6 38. Qg4 axb4 39. fxe5 Qd2+ 40. Kb1 Qd3+ 41. Kc1 Qxc3+ 42. Kd1 fxe5 43. Qd7+ Kh6 44. Qxb7 Qd4+ 45. Ke2 e4 46. Qc7 Qd3+ 47. Kf2 Qd2+ 48. Kf1 Qd3+ 49. Kg1 Qd4+ 50. Kf1 e3 51. Qh2+ Kg5 52. Qg3+ Kf5 53. Qh3+ Ke5 54. Qg3+ Qf4+ 55. Qxf4+ Kxf4 56. Ke2 h5 57. Kf1 h4 58. Ke2 g5 59. Kf1 g4 60. Ke2 h3 61. gxh3 gxh3 62. Kf1 0-1

[Event "CYCC U16"]
[Site "Sault Ste Marie CAN"]
[Date "2017.07.06"]
[Round "1.23"]
[White "Larivee, Nathan"]
[Black "Zhou, Joey"]
[Result "0-1"]
[WhiteElo "799"]
[BlackElo "1563"]
[WhiteFideId "-1"]
[WhiteFideId "-1"]
[PlyCount "60"]
[GameId "2160767908410636"]
[EventDate "2017.07.06"]
[EventType "swiss"]
[EventRounds "7"]
[EventCountry "CAN"]
[SourceTitle "hb 2017"]

1. e4 c6 2. Nf3 d5 3. Nc3 Bg4 4. h3 Bh5 5. g4 Bg6 6. d4 Bxe4 7. Nxe4 dxe4 8. Ng5 Nf6 9. Bc4 e6 10. f3 exf3 11. Nxf3 Bd6 12. Bg5 Bg3+ 13. Kf1 h6 14. Bxf6 Qxf6 15. h4 Nd7 16. g5 hxg5 17. h5 Nb6 18. Rh3 Nxc4 19. Rxg3 Ne3+ 20. Kg1 Nxd1 21. Rxd1 Rxh5 22. Nxg5 Rxg5 23. Rxg5 Qxg5+ 24. Kf2 Ke7 25. Rg1 Qd2+ 26. Kf3 Rh8 27. Rxg7 Rh3+ 28. Kg4 Qg2+ 29. Kf4 Rf3+ 30. Ke4 Qe2# 0-1

[Event "CYCC U16"]
[Site "Sault Ste Marie CAN"]
[Date "2017.07.06"]
[Round "2.15"]
[White "Doknjas, Joshua"]
[Black "Saine, Zachary"]
[Result "1-0"]
[WhiteElo "2197"]
[BlackElo "1966"]
[WhiteFideId "-1"]
[WhiteFideId "-1"]
[PlyCount "79"]
[GameId "2160767908410638"]
[EventDate "2017.07.06"]
[EventType "swiss"]
[EventRounds "7"]
[EventCountry "CAN"]
[SourceTitle "hb 2017"]

1. e4 e5 2. Nf3 Nc6 3. Bc4 Bc5 4. d3 d6 5. c3 a6 6. O-O Nf6 7. Re1 O-O 8. Bb3 Bg4 9. h3 Bh5 10. Nbd2 Re8 11. Nf1 Ba7 12. Ng3 Bg6 13. Bg5 Na5 14. Bc2 c5 15. Nh2 h6 16. Bh4 Bh5 17. Ng4 Bg6 18. Qf3 Re6 19. Bxf6 gxf6 20. Nxh6+ Kf8 21. Nhf5 Rc8 22. Qe3 Kg8 23. Bd1 Qf8 24. Bg4 Rce8 25. Nh5 Kh7 26. Nhg7 Qh8 27. Nxe6 Rxe6 28. Qg3 Kg8 29. h4 Kf8 30. Ne3 Re8 31. h5 Bh7 32. Qh4 Bb6 33. Bf5 Bd8 34. Bxh7 Qxh7 35. Nf5 Be7 36. h6 b5 37. Qg4 Qg6 38. Qh3 Qh7 39. Re3 Nb7 40. Rg3 1-0